000 00656nam a2200253Ia 4500
003 OSt
005 20221005052537.0
006 a|||||r|||| 00| 0
007 ta
008 221004b |||||||| |||| 00| 0 eng d
020 _a1857150945
024 _a26755
037 _cTextual
040 _aCRL
_cCRL
_beng
041 _2eng
_aeng
082 _aO13,1D30,2, 111N2
100 _aHomer
245 0 _aOdyssey Introduction by Seamus Heaney
260 _aLondon
_bDavid Campbell UK
_c1992
300 _a509p
_ccm.
650 _aENGLISH LITERATURE
942 _hO13,1D30,2, 111N2
_cTEXL
_2cc
999 _c960566
_d960566